Welcome to the Holygrace Academy Library

Please use search bar below to get started

A2Z ON INDIAN CRICKET (Record no. 6250)

MARC details
000 -LEADER
fixed length control field 00309nam a22001337a 4500
082 ## - DEWEY DECIMAL CLASSIFICATION NUMBER
Classification number 796
Item number MOH/A
100 ## - MAIN ENTRY--AUTHOR NAME
Personal name MOHAN, N
245 ## - TITLE STATEMENT
Title A2Z ON INDIAN CRICKET
260 ## - PUBLICATION, DISTRIBUTION, ETC. (IMPRINT)
Place of publication ALUVA
Name of publisher PEN BOOKS
Year of publication 2003
300 ## - PHYSICAL DESCRIPTION
Number of Pages 248
520 ## - SUMMARY, ETC.
Summary, etc THE COMPLTE INFORMATION ON INDIAN CRICKET
650 ## - SUBJECT ADDED ENTRY--TOPICAL TERM
Topical Term SPORTS
Geographic subdivision INDIA
942 ## - ADDED ENTRY ELEMENTS (KOHA)
Koha item type Books
Holdings
Withdrawn status Lost status Collection code Home library Current library Shelving location Date acquired Source of acquisition Cost, normal purchase price Full call number Accession Number Koha item type
    Reference Main Library Main Library SHELF-17A-SPORTS RELATED BOOKS 30/01/2019 purchase 125.00 796 MOH/A 10844 Books